[Event "St Petersburg Blitz"]
[Site "St Petersburg"]
[Date "2021.12.12"]
[Round "21"]
[White "Klimov, Sergey"]
[Black "Levin, Evgeny A"]
[Result "1/2-1/2"]
[WhiteElo "2486"]
[BlackElo "2485"]
[PlyCount "69"]
[EventDate "2021.12.12"]
[EventType "tourn (blitz)"]
[EventRounds "21"]
[EventCountry "RUS"]
[EventCategory "11"]
[SourceTitle "CBM 205 Extra"]
[Source "ChessBase"]
[SourceDate "2022.01.31"]
[SourceVersion "1"]
[SourceVersionDate "2022.01.31"]
[SourceQuality "1"]

1. e4 d5 2. exd5 Qxd5 3. Nc3 Qd8 4. d4 c6 5. Nf3 Bf5 6. Nh4 Bg6 7. Nxg6 hxg6 8. g3 e6 9. Bg2 Nf6 10. 0-0 Nbd7 11. Ne2 Bd6 12. c3 0-0 13. Nf4 Qc7 14. Re1 Rad8 15. Qb3 Nd5 16. Nd3 b5 17. a4 a6 18. Bg5 Ra8 19. Qc2 Rab8 20. b3 c5 21. axb5 axb5 22. dxc5 Nxc5 23. Bxd5 exd5 24. Nb4 Ne6 25. Na6 Qb7 26. Rxe6 fxe6 27. Nxb8 Rxb8 28. Qxg6 Qf7 29. Qxf7+ Kxf7 30. Ra7+ Kg6 31. Ra6 Kxg5 32. Rxd6 Kf6 33. Kf1 b4 34. cxb4 Rxb4 35. h4 1/2-1/2

[Event "St Petersburg Blitz"]
[Site "St Petersburg"]
[Date "2021.12.12"]
[Round "8"]
[White "Klimov, Sergey"]
[Black "Turov, Maxim"]
[Result "1/2-1/2"]
[WhiteElo "2486"]
[BlackElo "2565"]
[PlyCount "119"]
[EventDate "2021.12.12"]
[EventType "tourn (blitz)"]
[EventRounds "21"]
[EventCountry "RUS"]
[EventCategory "11"]
[SourceTitle "CBM 205 Extra"]
[Source "ChessBase"]
[SourceDate "2022.01.31"]
[SourceVersion "1"]
[SourceVersionDate "2022.01.31"]
[SourceQuality "1"]

1. e4 c6 2. d4 d5 3. exd5 cxd5 4. Bd3 Nc6 5. c3 Qc7 6. h3 g6 7. Nf3 Bf5 8. Bxf5 gxf5 9. 0-0 e6 10. Re1 Nf6 11. c4 Bg7 12. Nc3 dxc4 13. Qa4 0-0 14. Qxc4 Rfd8 15. Bg5 Qb6 16. d5 Nxd5 17. Bxd8 Rxd8 18. Nxd5 Rxd5 19. Re2 Qb5 20. Qxb5 Rxb5 21. Rd1 Bf6 22. b3 Nb4 23. Rd7 Nd5 24. Rc2 Nc3 25. Nd4 Rc5 26. Kf1 b6 27. b4 Rc4 28. Ne2 a6 29. a3 b5 30. Rd3 Nxe2 31. Rxe2 Rc1+ 32. Re1 Rc2 33. Red1 Kg7 34. g3 Ra2 35. Rf3 h5 36. Rd7 Bb2 37. Rdd3 Ra1+ 38. Kg2 Be5 39. Rd7 Bb2 40. Re3 Kg6 41. Rdd3 Bf6 42. Rb3 Ra2 43. Red3 h4 44. g4 fxg4 45. hxg4 Kg5 46. Rd7 Kxg4 47. Rxf7 Bd4 48. Rd3 e5 49. Rg7+ Kf4 50. Rf3+ Ke4 51. Rg4+ Kd5 52. Rxh4 Bb2 53. Rh6 Rxa3 54. Rxa3 Bxa3 55. Rxa6 Bxb4 56. Rb6 Kc5 57. Rb8 Bc3 58. Kf3 b4 59. Ke4 Kc4 60. f4 1/2-1/2

[Event "Moscow op-A 16th"]
[Site "Moscow"]
[Date "2020.02.01"]
[Round "8"]
[White "Arslanov, Shamil"]
[Black "Klimov, Sergey"]
[Result "0-1"]
[WhiteElo "2400"]
[BlackElo "2493"]
[PlyCount "82"]
[EventDate "2020.01.25"]
[EventType "swiss"]
[EventRounds "9"]
[EventCountry "RUS"]
[SourceTitle "CBM 194 Extra"]
[Source "ChessBase"]
[SourceDate "2020.03.31"]
[SourceVersion "1"]
[SourceVersionDate "2020.03.31"]
[SourceQuality "1"]

1. d4 Nf6 2. Nf3 e6 3. e3 b6 4. Bd3 Bb7 5. 0-0 d5 6. Nbd2 Nbd7 7. Ne5 Nxe5 8. dxe5 Nd7 9. f4 Nc5 10. b3 Qd7 11. Bb2 a5 12. a4 Nxd3 13. cxd3 c5 14. Qe2 Be7 15. Qg4 g6 16. Rad1 b5 17. Ra1 Ba6 18. Qe2 Rb8 19. axb5 Qxb5 20. Bc3 Qxd3 21. Qxd3 Bxd3 22. Rfc1 Ra8 23. Bxa5 Kd7 24. Ra2 g5 25. Rca1 gxf4 26. exf4 Kc6 27. Bc3 Rxa2 28. Rxa2 d4 29. Bb2 Rb8 30. Kf2 Bd8 31. Ra7 Bb6 32. Ra3 Kd5 33. Nf3 Rb7 34. Ne1 Ke4 35. Ra8 Ra7 36. Rb8 Ra2 37. Rxb6 Rxb2+ 38. Kg3 c4 39. Rd6 c3 40. Nf3 c2 41. Rc6 Rb1 0-1

[Event "Moscow op-A 16th"]
[Site "Moscow"]
[Date "2020.01.30"]
[Round "6"]
[White "Nazaretyan, Tigran"]
[Black "Klimov, Sergey"]
[Result "1/2-1/2"]
[WhiteElo "2297"]
[BlackElo "2493"]
[PlyCount "136"]
[EventDate "2020.01.25"]
[EventType "swiss"]
[EventRounds "9"]
[EventCountry "RUS"]
[SourceTitle "CBM 194 Extra"]
[Source "ChessBase"]
[SourceDate "2020.03.31"]
[SourceVersion "1"]
[SourceVersionDate "2020.03.31"]
[SourceQuality "1"]

1. d4 Nf6 2. c4 g6 3. Nc3 Bg7 4. e4 d6 5. Be2 0-0 6. Nf3 e5 7. 0-0 Nbd7 8. Be3 Re8 9. d5 Nh5 10. g3 Bf8 11. b4 Ng7 12. Nh4 Be7 13. Ng2 f5 14. f3 Bg5 15. Bf2 Nf6 16. c5 fxe4 17. fxe4 Bh3 18. Qd3 Ng4 19. Bxg4 Bxg4 20. Be3 Bh3 21. Rf2 Bxe3 22. Qxe3 Qe7 23. Raf1 a5 24. Rf7 Qxf7 25. Rxf7 Kxf7 26. Nb5 axb4 27. cxd6 Rxa2 28. Ne1 Kg8 29. g4 Bxg4 30. dxc7 Re2 31. Qg3 Bd7 32. Nd6 Nh5 33. Qh4 Rf8 34. Nd3 b3 35. Qe7 Bh3 36. Nf5 Bxf5 37. exf5 Rc2 38. d6 Nf6 39. Qxf6 Rxf6 40. d7 Rf8 41. d8Q e4 42. Qd5+ Kg7 43. Qxb7 Rf7 44. Qxe4 Rxf5 45. Qd4+ Kh6 46. Qh4+ Kg7 47. Qd4+ Kh6 48. Qh4+ Kg7 49. Qd8 b2 50. Nxb2 Rfc5 51. Qe7+ Kg8 52. Qe6+ Kg7 53. Qd7+ Kg8 54. Qe6+ Kg7 55. Qd7+ Kg8 56. Nd3 Rxc7 57. Qe8+ Kg7 58. h4 Rf7 59. Qe5+ Kg8 60. Qb8+ Kg7 61. Nf4 Rc1+ 62. Kg2 Rc2+ 63. Kg3 Rc3+ 64. Kg2 Rc2+ 65. Kg1 Rc1+ 66. Kh2 Rc2+ 67. Kh3 Rc3+ 68. Kg2 Rc2+ 1/2-1/2

[Event "St Petersburg rapid"]
[Site "St Petersburg"]
[Date "2017.08.27"]
[Round "10"]
[White "Rublevsky, Sergei"]
[Black "Klimov, Sergey"]
[Result "1-0"]
[WhiteElo "2683"]
[BlackElo "2493"]
[PlyCount "93"]
[EventDate "2017.08.26"]
[EventType "swiss (rapid)"]
[EventRounds "11"]
[EventCountry "RUS"]
[SourceTitle "CBM 180 Extra"]
[Source "ChessBase"]
[SourceDate "2017.10.06"]
[SourceVersion "1"]
[SourceVersionDate "2017.10.06"]
[SourceQuality "1"]

1. e4 c5 2. Nf3 d6 3. d4 cxd4 4. Nxd4 Nf6 5. Nc3 Nc6 6. Bc4 e6 7. Be3 Na5 8. Bd3 a6 9. g4 b5 10. g5 Nd7 11. b4 Nc4 12. Bxc4 bxc4 13. a3 Bb7 14. f4 h6 15. g6 Qh4+ 16. Kd2 Nf6 17. Qe2 Nxe4+ 18. Nxe4 Bxe4 19. Qxc4 Bd5 20. Qc7 fxg6 21. Nxe6 Be7 22. f5 Bxh1 23. Rxh1 Kf7 24. Qd7 gxf5 25. Rg1 g6 26. Nf4 g5 27. Qe6+ Ke8 28. Ng6 Qe4 29. Qxe4 fxe4 30. Nxh8 Bf6 31. Rg4 Bxh8 32. Rxe4+ Kd7 33. c4 Be5 34. h3 Rf8 35. Ke2 Ke6 36. Bd4 Rf4 37. Rxf4 Bxf4 38. b5 axb5 39. cxb5 h5 40. a4 Kd5 41. Kd3 Ke6 42. a5 Kd7 43. a6 Kc8 44. Ke4 d5+ 45. Kxd5 h4 46. Kc6 g4 47. a7 1-0

[Event "St Petersburg rapid"]
[Site "St Petersburg"]
[Date "2017.08.26"]
[Round "5"]
[White "Klimov, Sergey"]
[Black "Alekseev, Evgeny V"]
[Result "0-1"]
[WhiteElo "2493"]
[BlackElo "2614"]
[PlyCount "72"]
[EventDate "2017.08.26"]
[EventType "swiss (rapid)"]
[EventRounds "11"]
[EventCountry "RUS"]
[SourceTitle "CBM 180 Extra"]
[Source "ChessBase"]
[SourceDate "2017.10.06"]
[SourceVersion "1"]
[SourceVersionDate "2017.10.06"]
[SourceQuality "1"]

1. e4 c5 2. Nf3 e6 3. d4 cxd4 4. Nxd4 Nc6 5. Nc3 a6 6. Nxc6 bxc6 7. Bd3 d5 8. 0-0 Nf6 9. Re1 Be7 10. e5 Nd7 11. Qg4 Kf8 12. Bd2 c5 13. Na4 Bb7 14. c4 d4 15. b3 a5 16. Qe2 h5 17. Be4 Bxe4 18. Qxe4 g6 19. Nb2 Kg7 20. Nd3 a4 21. b4 Qc7 22. b5 Nb6 23. Rac1 a3 24. Nf4 Qd7 25. Rc2 Ra4 26. Rec1 Rb8 27. Nd3 Rxc4 28. Rxc4 Nxc4 29. Rxc4 Qxb5 30. Rc1 c4 31. Nf4 Qb2 32. Rd1 Qxa2 33. Qxd4 Rd8 34. Qe3 Qc2 35. Nxe6+ fxe6 36. Qh6+ Kg8 0-1

[Event "St Petersburg rapid"]
[Site "St Petersburg"]
[Date "2017.08.26"]
[Round "4"]
[White "Klimov, Sergey"]
[Black "Kosteniuk, Alexandra"]
[Result "1-0"]
[WhiteElo "2493"]
[BlackElo "2552"]
[PlyCount "93"]
[EventDate "2017.08.26"]
[EventType "swiss (rapid)"]
[EventRounds "11"]
[EventCountry "RUS"]
[SourceTitle "CBM 180 Extra"]
[Source "ChessBase"]
[SourceDate "2017.10.06"]
[SourceVersion "1"]
[SourceVersionDate "2017.10.06"]
[SourceQuality "1"]

1. e4 e5 2. Nf3 Nf6 3. d4 Nxe4 4. Bd3 d5 5. dxe5 Nc6 6. 0-0 Bg4 7. c4 Nc5 8. Bg5 Be7 9. Bxe7 Nxe7 10. Nc3 Nxd3 11. Qxd3 dxc4 12. Qe4 Qc8 13. Ng5 h6 14. e6 f5 15. Qe5 0-0 16. f3 Bh5 17. Nh3 c6 18. Nf4 Be8 19. Rad1 Qb8 20. Qd4 b5 21. Kh1 Qc7 22. Rfe1 g5 23. Nh3 c5 24. Qe3 f4 25. Qe2 Rd8 26. Rxd8 Qxd8 27. Nf2 Qd4 28. Ng4 h5 29. Rd1 Qg7 30. Ne5 Rf5 31. Rd8 Rxe5 32. Rxe8+ Kh7 33. Rxe7 Rxe2 34. Rxg7+ Kxg7 35. Nxe2 Kf6 36. h4 Kxe6 37. hxg5 Kf5 38. g6 Kxg6 39. Nxf4+ Kf5 40. Nxh5 b4 41. Ng3+ Kf4 42. Ne4 Ke3 43. Nxc5 c3 44. bxc3 bxc3 45. g4 c2 46. Nb3 a5 47. a4 1-0

[Event "St Petersburg rapid"]
[Site "St Petersburg"]
[Date "2016.08.27"]
[Round "5"]
[White "Lysyj, Igor"]
[Black "Klimov, Sergey"]
[Result "1-0"]
[WhiteElo "2643"]
[BlackElo "2493"]
[PlyCount "64"]
[EventDate "2016.08.27"]
[EventType "swiss (rapid)"]
[EventRounds "11"]
[EventCountry "RUS"]
[SourceTitle "CBM 174 Extra"]
[Source "ChessBase"]
[SourceDate "2016.10.10"]
[SourceVersion "1"]
[SourceVersionDate "2016.10.10"]
[SourceQuality "1"]

1. Nf3 c5 2. e3 g6 3. d4 Bg7 4. Be2 Nf6 5. 0-0 0-0 6. dxc5 Qa5 7. c4 Qxc5 8. Nc3 d6 9. e4 Nc6 10. Be3 Qa5 11. Rc1 Bg4 12. h3 Bxf3 13. Bxf3 Rfc8 14. Be2 Nd7 15. a3 Qd8 16. f4 a5 17. Bg4 Rcb8 18. Rf2 Nc5 19. e5 a4 20. exd6 exd6 21. Nb5 Nb3 22. Rcc2 Ra6 23. Bf3 Ne7 24. Rfe2 Qd7 25. Bf2 Rd8 26. Bh4 f6 27. Qe1 Nf5 28. Bd5+ Kf8 29. Be6 Qc6 30. Bxf5 gxf5 31. Re7 Nc5 32. Rxg7 Raa8 1-0

[Event "Sardaran op 5th"]
[Site "Urmia"]
[Date "2016.07.28"]
[Round "9"]
[White "Klimov, Sergey"]
[Black "Bagheri, Maziar"]
[Result "1-0"]
[WhiteElo "2492"]
[BlackElo "2298"]
[PlyCount "39"]
[EventDate "2016.07.22"]
[EventType "swiss"]
[EventRounds "9"]
[EventCountry "IRI"]
[SourceTitle "CBM 173 Extra"]
[Source "ChessBase"]
[SourceDate "2016.08.29"]
[SourceVersion "1"]
[SourceVersionDate "2016.08.29"]
[SourceQuality "1"]

1. d4 Nf6 2. c4 e6 3. Nc3 Bb4 4. e3 0-0 5. Bd3 c5 6. Nf3 d5 7. 0-0 cxd4 8. exd4 dxc4 9. Bxc4 Bxc3 10. bxc3 Qc7 11. Bd3 Nbd7 12. Re1 Re8 13. Ne5 Nxe5 14. dxe5 Nd7 15. Qh5 Nf8 16. Re3 g6 17. Qh6 Rd8 18. Ba3 Qxc3 19. Be7 Qxa1+ 20. Bf1 1-0

[Event "Sardaran op 5th"]
[Site "Urmia"]
[Date "2016.07.26"]
[Round "7"]
[White "Klimov, Sergey"]
[Black "Ghaem Maghami, Ehsan"]
[Result "0-1"]
[WhiteElo "2492"]
[BlackElo "2569"]
[PlyCount "64"]
[EventDate "2016.07.22"]
[EventType "swiss"]
[EventRounds "9"]
[EventCountry "IRI"]
[SourceTitle "CBM 173 Extra"]
[Source "ChessBase"]
[SourceDate "2016.08.29"]
[SourceVersion "1"]
[SourceVersionDate "2016.08.29"]
[SourceQuality "1"]

1. d4 Nf6 2. c4 e6 3. Nc3 Bb4 4. g3 c5 5. Nf3 Bxc3+ 6. bxc3 Qa5 7. Bg2 Qxc3+ 8. Bd2 Qxc4 9. Rc1 Qa6 10. dxc5 0-0 11. Nd4 Nc6 12. Bc3 e5 13. Nc2 Qc4 14. Ne3 Qxc5 15. 0-0 d6 16. Ba1 Qa3 17. Nc4 Qxa2 18. Qxd6 Rd8 19. Qc5 Qxe2 20. Rfe1 Qh5 21. Nxe5 Nxe5 22. Rxe5 Rd1+ 23. Bf1 Rxc1 24. Qxc1 Qf3 25. Bg2 Qd3 26. Re7 Be6 27. Bxf6 gxf6 28. Rxb7 Rc8 29. Qa1 a5 30. h4 Qc3 31. Qa4 Qe1+ 32. Kh2 Rc1 0-1

[Event "Sardaran op 5th"]
[Site "Urmia"]
[Date "2016.07.25"]
[Round "6"]
[White "Tarlev, Konstantin"]
[Black "Klimov, Sergey"]
[Result "0-1"]
[WhiteElo "2598"]
[BlackElo "2492"]
[PlyCount "74"]
[EventDate "2016.07.22"]
[EventType "swiss"]
[EventRounds "9"]
[EventCountry "IRI"]
[SourceTitle "CBM 173 Extra"]
[Source "ChessBase"]
[SourceDate "2016.08.29"]
[SourceVersion "1"]
[SourceVersionDate "2016.08.29"]
[SourceQuality "1"]

1. e4 c5 2. Nf3 d6 3. d4 cxd4 4. Nxd4 Nf6 5. Nc3 a6 6. h3 e5 7. Nde2 h5 8. Bg5 Be7 9. Ng3 h4 10. Nf5 Bxf5 11. exf5 Nc6 12. Bc4 Nd4 13. Bxf6 Bxf6 14. Bd5 Qd7 15. Ne4 Nxf5 16. Qf3 Be7 17. 0-0-0 0-0 18. c3 g6 19. g4 hxg3 20. fxg3 Kg7 21. h4 Nh6 22. Kb1 Ng4 23. h5 Qf5 24. Qe2 gxh5 25. Bxb7 Rab8 26. Bd5 Qg6 27. Ka1 Rb6 28. Nd2 f5 29. Nc4 Rb5 30. Bc6 Rc5 31. Bf3 Rb8 32. Bxg4 Qxg4 33. Qxg4+ hxg4 34. Nxd6 Kg6 35. Rhf1 Rd8 36. Nb7 Rxd1+ 37. Rxd1 Rc7 0-1

[Event "Sardaran op 5th"]
[Site "Urmia"]
[Date "2016.07.23"]
[Round "2"]
[White "Klimov, Sergey"]
[Black "Elahi, Abdollah"]
[Result "1-0"]
[WhiteElo "2492"]
[BlackElo "2110"]
[PlyCount "73"]
[EventDate "2016.07.22"]
[EventType "swiss"]
[EventRounds "9"]
[EventCountry "IRI"]
[SourceTitle "CBM 173 Extra"]
[Source "ChessBase"]
[SourceDate "2016.08.29"]
[SourceVersion "1"]
[SourceVersionDate "2016.08.29"]
[SourceQuality "1"]

1. e4 e5 2. Nf3 Nc6 3. Bb5 Nge7 4. c3 g6 5. d4 exd4 6. cxd4 d5 7. exd5 Nxd5 8. 0-0 Bg7 9. Re1+ Be6 10. Bg5 Qd6 11. Nbd2 0-0 12. Ne4 Qb4 13. Bxc6 bxc6 14. Qc1 Rab8 15. b3 Qb6 16. Bh6 Bf5 17. Ng3 Bd7 18. Bxg7 Kxg7 19. Ne5 Rbd8 20. Re4 f6 21. Rh4 g5 22. Nxd7 Rxd7 23. Re4 Kh8 24. Nf5 Nf4 25. Qe3 Qb8 26. Re1 Ng6 27. Re6 Qa8 28. Qe4 Rd5 29. Ne7 Nf4 30. Rxc6 Rd7 31. Rxf6 Qxe4 32. Rxf8+ Kg7 33. Rg8+ Kf7 34. Rxe4 Ne6 35. d5 Nc5 36. Re3 c6 37. Rxg5 1-0

[Event "St Petersburg Summer rapid"]
[Site "St Petersburg"]
[Date "2015.08.29"]
[Round "4"]
[White "Klimov, Sergey"]
[Black "Riazantsev, Alexander"]
[Result "0-1"]
[WhiteElo "2492"]
[BlackElo "2646"]
[PlyCount "48"]
[EventDate "2015.08.29"]
[EventType "swiss (rapid)"]
[EventRounds "11"]
[EventCountry "RUS"]
[SourceTitle "EXT 2016"]
[Source "ChessBase"]
[SourceDate "2015.10.08"]
[SourceVersion "1"]
[SourceVersionDate "2015.10.08"]
[SourceQuality "1"]

1. d4 Nf6 2. c4 e6 3. Nc3 Bb4 4. e3 0-0 5. a3 Bxc3+ 6. bxc3 c5 7. Bd3 Nc6 8. Ne2 b6 9. 0-0 Ba6 10. e4 Ne8 11. Be3 Nd6 12. dxc5 Nxc4 13. Bxc4 Bxc4 14. Re1 Qc7 15. cxb6 axb6 16. Nd4 Ne5 17. a4 Nd3 18. Re2 Nc5 19. Nb5 Bxb5 20. axb5 Nxe4 21. Ra6 d5 22. Bxb6 Qb7 23. Qa1 Rxa6 24. Qxa6 Ra8 0-1

[Event "St Petersburg-ch 85th"]
[Site "St Petersburg"]
[Date "2012.05.07"]
[Round "3"]
[White "Yevseev, Denis"]
[Black "Klimov, Sergey"]
[Result "1-0"]
[WhiteElo "2529"]
[BlackElo "2505"]
[PlyCount "53"]
[EventDate "2012.05.05"]
[EventType "tourn"]
[EventRounds "11"]
[EventCountry "RUS"]
[EventCategory "9"]
[SourceTitle "CBM 148 Extra"]
[Source "ChessBase"]
[SourceDate "2012.06.22"]
[SourceVersion "1"]
[SourceVersionDate "2012.06.22"]
[SourceQuality "1"]

1. Nf3 c5 2. c4 Nc6 3. Nc3 Nf6 4. g3 d6 5. Bg2 g6 6. d4 cxd4 7. Nxd4 Bd7 8. 0-0 Bg7 9. Nxc6 Bxc6 10. e4 0-0 11. Be3 Nd7 12. Rc1 Nc5 13. b4 Ne6 14. Nd5 Re8 15. Qd2 Nf8 16. Rfd1 Nd7 17. Nc3 b6 18. Qe2 Bb7 19. c5 bxc5 20. bxc5 Qa5 21. Qb5 Qxb5 22. Nxb5 Nxc5 23. Nc7 Bxe4 24. Nxe8 Rxe8 25. Bxc5 Bxg2 26. Kxg2 dxc5 27. Rxc5 1-0

[Event "St Petersburg-ch 85th"]
[Site "St Petersburg"]
[Date "2012.05.06"]
[Round "2"]
[White "Klimov, Sergey"]
[Black "Rozum, Ivan"]
[Result "1/2-1/2"]
[WhiteElo "2505"]
[BlackElo "2477"]
[PlyCount "82"]
[EventDate "2012.05.05"]
[EventType "tourn"]
[EventRounds "11"]
[EventCountry "RUS"]
[EventCategory "9"]
[SourceTitle "CBM 148 Extra"]
[Source "ChessBase"]
[SourceDate "2012.06.22"]
[SourceVersion "1"]
[SourceVersionDate "2012.06.22"]
[SourceQuality "1"]

1. e4 e5 2. Nf3 Nf6 3. Nxe5 d6 4. Nf3 Nxe4 5. d4 d5 6. Bd3 Be7 7. 0-0 Nc6 8. c4 Nb4 9. Be2 0-0 10. Nc3 Bf5 11. a3 Nxc3 12. bxc3 Nc6 13. Re1 Re8 14. cxd5 Qxd5 15. Bf4 Rac8 16. Nd2 Na5 17. Bf3 Qd7 18. Ne4 b6 19. Ng3 Bd6 20. Nxf5 Qxf5 21. Be3 Rcd8 22. Qa4 Kf8 23. h3 Bf4 24. Bg4 Qg5 25. Qb4+ Kg8 26. Bxf4 Qxf4 27. Re7 Rxe7 28. Qxe7 Nc6 29. Qe2 Qd6 30. Qa6 Ne7 31. Bf3 Nd5 32. c4 Nc3 33. Qxa7 Qxd4 34. Qxc7 Nb5 35. Qxd8+ Qxd8 36. cxb5 g6 37. Re1 Qd2 38. Re8+ Kg7 39. Bc6 Qc1+ 40. Kh2 Qf4+ 41. Kg1 Qc1+ 1/2-1/2

[Event "St Petersburg-ch 85th"]
[Site "St Petersburg"]
[Date "2012.05.05"]
[Round "1"]
[White "Klimov, Sergey"]
[Black "Malakhov, Igor"]
[Result "1/2-1/2"]
[WhiteElo "2505"]
[BlackElo "2431"]
[PlyCount "82"]
[EventDate "2012.05.05"]
[EventType "tourn"]
[EventRounds "11"]
[EventCountry "RUS"]
[EventCategory "9"]
[SourceTitle "CBM 148 Extra"]
[Source "ChessBase"]
[SourceDate "2012.06.22"]
[SourceVersion "1"]
[SourceVersionDate "2012.06.22"]
[SourceQuality "1"]

1. d4 Nf6 2. c4 c5 3. d5 g6 4. Nc3 Bg7 5. e4 0-0 6. Nf3 d6 7. Be2 e5 8. Bg5 h6 9. Be3 Ng4 10. Bd2 f5 11. h3 Nf6 12. Nh4 Nxe4 13. Nxe4 fxe4 14. Nxg6 Rf7 15. Qb3 Na6 16. a3 b5 17. cxb5 Nc7 18. Qg3 Qf6 19. 0-0 Nxd5 20. f4 exf4 21. Nxf4 Qd4+ 22. Kh1 Qxd2 23. Bc4 Bb7 24. Nxd5 Bxd5 25. Qxd6 Rxf1+ 26. Rxf1 Kh8 27. Qxd5 Qxd5 28. Bxd5 Re8 29. b3 e3 30. Re1 Bc3 31. Re2 Bd2 32. g4 Kg7 33. Bc4 Kf6 34. h4 Re4 35. Rg2 Be1 36. g5+ Kg7 37. gxh6+ Kxh6 38. Kg1 Bxh4 39. a4 Rf4 40. a5 Rf8 41. a6 Bd8 1/2-1/2

[Event "St Petersburg-ch 84th"]
[Site "St Petersburg"]
[Date "2011.05.26"]
[Round "6"]
[White "Rozum, Ivan"]
[Black "Klimov, Sergey"]
[Result "1/2-1/2"]
[WhiteElo "2468"]
[BlackElo "2503"]
[PlyCount "67"]
[EventDate "2011.05.21"]
[EventType "tourn"]
[EventRounds "11"]
[EventCountry "RUS"]
[EventCategory "9"]
[SourceTitle "CBM 142 Extra"]
[Source "ChessBase"]
[SourceDate "2011.06.27"]
[SourceVersion "1"]
[SourceVersionDate "2011.06.27"]
[SourceQuality "1"]

1. Nf3 c5 2. c4 Nf6 3. Nc3 Nc6 4. g3 g6 5. Bg2 d6 6. d4 cxd4 7. Nxd4 Bd7 8. 0-0 Bg7 9. b3 Qa5 10. Bb2 Nxd4 11. Qxd4 Bc6 12. Rfd1 0-0 13. Nd5 Bxd5 14. Bc3 Ne8 15. Qxg7+ Nxg7 16. Bxa5 Bxg2 17. Kxg2 Ne6 18. f3 Rfc8 19. Kf2 h5 20. Rac1 Rc6 21. Rd5 f6 22. Bd2 b6 23. Be3 a5 24. a4 Nc7 25. Rdd1 Na6 26. Ke1 Nc5 27. Rc3 Kf7 28. h4 Rac8 29. Rd5 Na6 30. Rc1 Nc5 31. Rc3 Na6 32. Rc1 Nc5 33. Rc3 Na6 34. Rc1 1/2-1/2

[Event "Chigorin Memorial 18th"]
[Site "St Petersburg"]
[Date "2010.11.05"]
[Round "9"]
[White "Klimov, Sergey"]
[Black "Sivuk, Vitaly"]
[Result "1-0"]
[WhiteElo "2506"]
[BlackElo "2423"]
[PlyCount "57"]
[EventDate "2010.10.28"]
[EventType "swiss"]
[EventRounds "9"]
[EventCountry "RUS"]
[SourceTitle "EXT 2011"]
[Source "ChessBase"]
[SourceDate "2010.11.26"]
[SourceVersion "1"]
[SourceVersionDate "2010.11.26"]
[SourceQuality "1"]

1. e4 e5 2. Nf3 Nc6 3. Bb5 a6 4. Ba4 Nf6 5. 0-0 b5 6. Bb3 Bb7 7. c3 Nxe4 8. d4 exd4 9. Re1 d5 10. Ng5 Qd7 11. f3 h6 12. Nxf7 Qxf7 13. fxe4 0-0-0 14. Bxd5 Rxd5 15. exd5 Qxd5 16. Qg4+ Kb8 17. Re8+ Ka7 18. cxd4 Bc5 19. Rxh8 Nxd4 20. Nc3 Qe5 21. Kf1 Nc2 22. Bf4 Qd4 23. Qg3 Qg1+ 24. Ke2 Qxa1 25. Bxc7 Nd4+ 26. Kd3 Qf1+ 27. Kd2 Ne6 28. Bb8+ Kb6 29. Re8 1-0

[Event "Chigorin Memorial 18th"]
[Site "St Petersburg"]
[Date "2010.11.02"]
[Round "6"]
[White "Klimov, Sergey"]
[Black "Pankov, German"]
[Result "1-0"]
[WhiteElo "2506"]
[BlackElo "2350"]
[PlyCount "103"]
[EventDate "2010.10.28"]
[EventType "swiss"]
[EventRounds "9"]
[EventCountry "RUS"]
[SourceTitle "EXT 2011"]
[Source "ChessBase"]
[SourceDate "2010.11.26"]
[SourceVersion "1"]
[SourceVersionDate "2010.11.26"]
[SourceQuality "1"]

1. e4 c5 2. Nf3 e6 3. d4 cxd4 4. Nxd4 Nf6 5. Nc3 Nc6 6. Ndb5 Bb4 7. a3 Bxc3+ 8. Nxc3 d5 9. exd5 exd5 10. Bd3 0-0 11. 0-0 d4 12. Ne2 Bg4 13. Bg5 Re8 14. Re1 Qd6 15. Qd2 Nd7 16. h3 Be6 17. Bb5 Nde5 18. Bf4 Red8 19. Bxc6 bxc6 20. Rad1 c5 21. Ng3 f6 22. Bxe5 fxe5 23. Qg5 Bf7 24. Qxe5 Qxe5 25. Rxe5 c4 26. Nf5 d3 27. Rd2 Kf8 28. Ne3 Rab8 29. cxd3 cxd3 30. Rc5 Rb3 31. Rc3 Rxc3 32. bxc3 Bg6 33. f4 Be4 34. Kf2 Rc8 35. c4 Ke7 36. Rb2 Kd6 37. Ke1 Kc5 38. Kd2 Kd4 39. Rb4 Rc5 40. g4 g6 41. Rb5 Rc7 42. Rb8 Rf7 43. Rd8+ Kc5 44. f5 gxf5 45. gxf5 a5 46. Kc3 a4 47. Re8 Bc6 48. Re5+ Kd6 49. Re6+ Kc5 50. Kxd3 Rb7 51. Re5+ Kd6 52. Kd4 1-0

[Event "Chigorin Memorial 18th"]
[Site "St Petersburg"]
[Date "2010.10.29"]
[Round "2"]
[White "Klimov, Sergey"]
[Black "Khantuev, Alexander"]
[Result "0-1"]
[WhiteElo "2506"]
[BlackElo "2322"]
[PlyCount "58"]
[EventDate "2010.10.28"]
[EventType "swiss"]
[EventRounds "9"]
[EventCountry "RUS"]
[SourceTitle "EXT 2011"]
[Source "ChessBase"]
[SourceDate "2010.11.26"]
[SourceVersion "1"]
[SourceVersionDate "2010.11.26"]
[SourceQuality "1"]

1. d4 Nf6 2. c4 e6 3. Nc3 Bb4 4. e3 0-0 5. Bd3 d5 6. a3 Bxc3+ 7. bxc3 dxc4 8. Bxc4 c5 9. Ne2 Qc7 10. Ba2 b6 11. 0-0 Ba6 12. Re1 Nc6 13. Ng3 Rfd8 14. Bb2 Rac8 15. e4 Qf4 16. h3 cxd4 17. cxd4 Ne5 18. Bb1 Nc4 19. Bc1 Qh4 20. d5 Kh8 21. Qa4 Na5 22. Bb2 Nxd5 23. Ba2 Nf4 24. Red1 Nd3 25. Bd4 Qe7 26. Rd2 Bc4 27. Bxc4 Rxc4 28. Bxg7+ Kxg7 29. Qd1 Rcd4 0-1

[Event "St Petersburg-ch 83rd"]
[Site "St Petersburg"]
[Date "2010.05.26"]
[Round "10"]
[White "Ivanov, Sergey1111"]
[Black "Klimov, Sergey"]
[Result "1/2-1/2"]
[WhiteElo "2542"]
[BlackElo "2518"]
[PlyCount "34"]
[EventDate "2010.05.16"]
[EventType "tourn"]
[EventRounds "11"]
[EventCountry "RUS"]
[EventCategory "12"]
[SourceTitle "CBM 137"]
[Source "ChessBase"]
[SourceDate "2010.07.15"]
[SourceVersion "1"]
[SourceVersionDate "2010.07.15"]
[SourceQuality "1"]

1. d4 Nf6 2. Nf3 g6 3. c4 Bg7 4. g3 0-0 5. Bg2 c5 6. d5 e6 7. Nc3 exd5 8. cxd5 d6 9. 0-0 Re8 10. h3 Bd7 11. Qb3 Na6 12. Bf4 b5 13. Nxb5 c4 14. Qxc4 Rc8 15. Qb3 Nc5 16. Qc4 Na6 17. Qb3 Nc5 1/2-1/2

[Event "St Petersburg-ch 83rd"]
[Site "St Petersburg"]
[Date "2010.05.25"]
[Round "9"]
[White "Klimov, Sergey"]
[Black "Romanov, Evgeny"]
[Result "1/2-1/2"]
[WhiteElo "2518"]
[BlackElo "2594"]
[PlyCount "59"]
[EventDate "2010.05.16"]
[EventType "tourn"]
[EventRounds "11"]
[EventCountry "RUS"]
[EventCategory "12"]
[SourceTitle "CBM 137"]
[Source "ChessBase"]
[SourceDate "2010.07.15"]
[SourceVersion "1"]
[SourceVersionDate "2010.07.15"]
[SourceQuality "1"]

1. e4 d5 2. exd5 Qxd5 3. Nc3 Qa5 4. d4 c6 5. Nf3 Bf5 6. Ne5 Nd7 7. Qf3 Be6 8. Bf4 Ngf6 9. h3 Bd5 10. Nc4 Bxc4 11. Bxc4 e6 12. 0-0 Be7 13. Rad1 0-0 14. Rfe1 Rad8 15. Bb3 Rfe8 16. Ne4 Nxe4 17. Qxe4 Nf6 18. Qe2 Bd6 19. Bc1 c5 20. dxc5 Bxc5 21. c3 Bd6 22. Qf3 Re7 23. g3 Red7 24. Kg2 a6 25. h4 Qc7 26. Bg5 Be7 27. Bf4 Bd6 28. Bg5 Be7 29. Rxd7 Rxd7 30. Rd1 1/2-1/2